00341nam a2200133Ia 4500008004100000041000800041082001600049100001700065245004500082260002900127300003300156365001200189440000600201240624s9999 xx 000 0 und d aeng a658.155 BOC aBOCKER KLAUS aRETHINKING RISK MEASUREMENT AND REPORTIN c2010aLondonbRisk Books axxxvi, : 536 : p. : cm. ; 23 cGBPb20 v2